Rozhodcovské konanie - novela zákona

Zámer predmetnej novely zákona (zákon č. 71/2009 Z.z.). Spresnenie postavenia rozhodcu, zosúladenie právnej úpravy rozhodcovského konania. Hlavné výhody rozhodcovského konania. Existencia rozhodcovskej zmluvy. Základné predpoklady na výkon funkcie rozhodcu. Rozhodujúce právo. Rozhodcovský rozsudok....

Celý popis

Uložené v:
Podrobná bibliografia
Hlavný autor: Čintala, Peter
Médium: Kapitola
Jazyk:Slovak
Predmet:
Tagy: Pridať tag
Žiadne tagy, Buďte prvý, kto otaguje tento záznam!

MARC

LEADER 00000naa$a2200000$$$4500
001 0094412
005 20231120113313.8
041 0 |a slo 
044 |a SK 
245 1 0 |a Rozhodcovské konanie - novela zákona  |c Peter Čintala 
520 |a Zámer predmetnej novely zákona (zákon č. 71/2009 Z.z.). Spresnenie postavenia rozhodcu, zosúladenie právnej úpravy rozhodcovského konania. Hlavné výhody rozhodcovského konania. Existencia rozhodcovskej zmluvy. Základné predpoklady na výkon funkcie rozhodcu. Rozhodujúce právo. Rozhodcovský rozsudok. Nekalé obchodné praktiky. Zrušenie rozhodcovského rozsudku. 
610 2 0 |a konanie rozhodcovské 
610 2 0 |a zmluvy 
610 2 0 |a právo 
610 2 0 |a zákony 
610 2 0 |a novelizácia 
100 1 |a Čintala, Peter